[Event "EUCC 2023 - U14"]
[Site "Kouty nad Desnou"]
[Date "2023.08.16"]
[Round "1.1"]
[White "Barteckova, Valerie"]
[Black "Jasso, Matej"]
[Result "0-1"]
[BlackElo "2143"]
[WhiteElo "1562"]
[LiveChessVersion "1.4.8"]

1. d4 {[%clk 1:30:57]} d5 {[%clk 1:30:53]} 2. Bf4 {[%clk 1:31:17]} Nf6
{[%clk 1:31:14]} 3. e3 {[%clk 1:31:25]} c5 {[%clk 1:31:37]} 4. Nc3
{[%clk 1:31:34]} e6 {[%clk 1:22:20]} 5. Nb5 {[%clk 1:26:39]} Na6 {[%clk 1:22:20]}
6. h3 {[%clk 1:07:49]} Be7 {[%clk 1:03:50]} 7. Nf3 {[%clk 1:04:28]} O-O
{[%clk 1:01:25]} 8. Be2 {[%clk 0:58:43]} Bd7 {[%clk 0:56:42]} 9. Nc3
{[%clk 0:50:27]} Qb6 {[%clk 0:37:40]} 10. Rb1 {[%clk 0:47:00]} Rac8
{[%clk 0:37:31]} 11. a3 {[%clk 0:43:47]} cxd4 {[%clk 0:32:05]} 12. exd4
{[%clk 0:42:28]} Rfd8 {[%clk 0:26:56]} 13. O-O {[%clk 0:39:30]} Be8
{[%clk 0:22:38]} 14. Re1 {[%clk 0:37:02]} Nb8 {[%clk 0:13:23]} 15. Bf1
{[%clk 0:33:49]} a6 {[%clk 0:12:36]} 16. Na2 {[%clk 0:19:27]} Nc6
{[%clk 0:10:44]} 17. c3 {[%clk 0:18:48]} Na5 {[%clk 0:02:36]} 18. Bd3
{[%clk 0:15:28]} Nc4 {[%clk 0:02:22]} 19. Nb4 {[%clk 0:09:01]} Qa7
{[%clk 0:01:13]} 20. Nc2 {[%clk 0:06:56]} b5 {[%clk 0:01:20]} 21. Ne3
{[%clk 0:05:05]} Nd6 {[%clk 0:01:03]} 22. Nf1 {[%clk 0:03:57]} a5
{[%clk 0:01:01]} 23. Ra1 {[%clk 0:02:58]} Qb6 {[%clk 0:01:25]} 24. Ng3
{[%clk 0:02:39]} Ra8 {[%clk 0:00:45]} 25. Ne5 {[%clk 0:02:09]} g6
{[%clk 0:00:36]} 26. Bg5 {[%clk 0:01:33]} Rdc8 {[%clk 0:00:34]} 27. Qf3
{[%clk 0:01:21]} Qd8 {[%clk 0:01:00]} 28. h4 {[%clk 0:00:57]} h5 {[%clk 0:00:46]}
29. Qe2 {[%clk 0:00:50]} Kg7 {[%clk 0:00:37]} 30. Qd2 {[%clk 0:00:52]} Ng8
{[%clk 0:00:39]} 31. Bxe7 {[%clk 0:00:58]} Qxe7 {[%clk 0:00:51]} 32. Nf3
{[%clk 0:01:17]} Qf6 {[%clk 0:00:52]} 33. Qg5 {[%clk 0:01:16]} Qxg5
{[%clk 0:01:20]} 34. Nxg5 {[%clk 0:01:33]} Nf6 {[%clk 0:01:18]} 35. Nf3
{[%clk 0:01:09]} Rab8 {[%clk 0:01:43]} 36. Rac1 {[%clk 0:00:53]} Rb6
{[%clk 0:01:49]} 37. Ne5 {[%clk 0:00:57]} b4 {[%clk 0:00:49]} 38. axb4
{[%clk 0:00:54]} axb4 {[%clk 0:01:18]} 39. Nf3 {[%clk 0:00:36]} bxc3
{[%clk 0:01:30]} 40. bxc3 {[%clk 0:00:52]} Rb3 {[%clk 0:01:33]} 41. Ne2
{[%clk 0:00:58]} Nfe4 {[%clk 0:01:23]} 42. Bc2 {[%clk 0:00:36]} Nxc3
{[%clk 0:00:45]} 43. Bxb3 {[%clk 0:00:33]} Nxe2+ {[%clk 0:01:09]} 44. Rxe2
{[%clk 0:00:53]} Rxc1+ {[%clk 0:01:32]} 45. Kh2 {[%clk 0:01:00]} Ne4
{[%clk 0:01:22]} 46. Ng5 {[%clk 0:00:37]} Nxg5 {[%clk 0:00:47]} 47. hxg5
{[%clk 0:01:01]} Bb5 {[%clk 0:00:50]} 48. Re3 {[%clk 0:00:44]} Rb1
{[%clk 0:00:35]} 49. Kg3 {[%clk 0:00:34]} Rb2 {[%clk 0:00:49]} 50. Bd1
{[%clk 0:00:32]} Rd2 {[%clk 0:01:01]} 51. Bf3 {[%clk 0:00:42]} Rxd4
{[%clk 0:01:22]} 52. Rb3 {[%clk 0:00:53]} Bc4 {[%clk 0:01:24]} 53. Rb1
{[%clk 0:00:50]} Rd2 {[%clk 0:00:44]} 54. Re1 {[%clk 0:00:58]} h4+
{[%clk 0:00:56]} 55. Kxh4 {[%clk 0:00:57]} Rxf2 {[%clk 0:01:19]} 56. Kg3
{[%clk 0:01:17]} Rd2 {[%clk 0:01:24]} 0-1

[Event "EUCC 2023 - U14"]
[Site "Kouty nad Desnou"]
[Date "2023.08.16"]
[Round "1.2"]
[White "Auribault, Louis"]
[Black "Ciocirlan, Bianca-Alexandra"]
[Result "1-0"]
[BlackElo "1510"]
[WhiteElo "2084"]
[LiveChessVersion "1.4.8"]

1. e4 {[%clk 1:30:57]} e5 {[%clk 1:30:56]} 2. Nf3 {[%clk 1:31:22]} Nc6
{[%clk 1:31:25]} 3. Bb5 {[%clk 1:31:45]} a6 {[%clk 1:31:51]} 4. Bxc6
{[%clk 1:32:07]} dxc6 {[%clk 1:31:57]} 5. O-O {[%clk 1:32:20]} Bd6
{[%clk 1:31:38]} 6. d4 {[%clk 1:32:15]} Bg4 {[%clk 1:24:58]} 7. dxe5
{[%clk 1:32:15]} Bxf3 {[%clk 1:25:03]} 8. Qxf3 {[%clk 1:32:37]} Bxe5
{[%clk 1:24:48]} 9. Qb3 {[%clk 1:32:25]} b6 {[%clk 1:09:50]} 10. Nd2
{[%clk 1:29:52]} Nf6 {[%clk 1:00:19]} 11. Nf3 {[%clk 1:24:40]} Qe7
{[%clk 0:52:59]} 12. Nxe5 {[%clk 1:16:18]} Qxe5 {[%clk 0:52:29]} 13. f3
{[%clk 1:08:31]} O-O-O {[%clk 0:39:39]} 14. Be3 {[%clk 1:03:55]} Rhf8
{[%clk 0:34:51]} 15. a4 {[%clk 0:54:56]} a5 {[%clk 0:29:33]} 16. Qc4
{[%clk 0:52:41]} Kb7 {[%clk 0:26:28]} 17. c3 {[%clk 0:47:12]} Qe6
{[%clk 0:18:58]} 18. Qxe6 {[%clk 0:25:59]} fxe6 {[%clk 0:19:26]} 19. Rfd1
{[%clk 0:26:06]} Rd6 {[%clk 0:16:57]} 20. Bf2 {[%clk 0:24:09]} Rfd8
{[%clk 0:14:08]} 21. Rxd6 {[%clk 0:22:37]} cxd6 {[%clk 0:14:22]} 22. b4
{[%clk 0:21:41]} Ka6 {[%clk 0:11:06]} 23. Rd1 {[%clk 0:19:56]} d5
{[%clk 0:08:51]} 24. bxa5 {[%clk 0:13:28]} Kxa5 {[%clk 0:04:59]} 25. c4
{[%clk 0:13:25]} Rb8 {[%clk 0:03:31]} 26. cxd5 {[%clk 0:10:48]} exd5
{[%clk 0:01:44]} 27. e5 {[%clk 0:10:31]} Nd7 {[%clk 0:01:19]} 28. e6
{[%clk 0:08:38]} Nf6 {[%clk 0:01:45]} 29. Rb1 {[%clk 0:08:14]} Ka6
{[%clk 0:00:39]} 30. g4 {[%clk 0:07:43]} b5 {[%clk 0:00:35]} 31. g5
{[%clk 0:03:31]} Ne8 {[%clk 0:00:58]} 32. axb5+ {[%clk 0:02:34]} Rxb5
{[%clk 0:01:27]} 33. Ra1+ {[%clk 0:02:27]} Ra5 {[%clk 0:01:46]} 34. Rc1
{[%clk 0:02:37]} Kb7 {[%clk 0:02:02]} 35. Bc5 {[%clk 0:02:27]} Kc7
{[%clk 0:01:45]} 36. f4 {[%clk 0:01:59]} Ra4 {[%clk 0:00:54]} 37. f5
{[%clk 0:01:41]} Rg4+ {[%clk 0:00:49]} 38. Kh1 {[%clk 0:02:06]} Rc4
{[%clk 0:00:44]} 39. Rxc4 {[%clk 0:02:08]} dxc4 {[%clk 0:01:13]} 40. Kg2
{[%clk 0:02:16]} c3 {[%clk 0:01:23]} 41. Kf3 {[%clk 0:02:46]} c2 {[%clk 0:01:25]}
42. Ba3 {[%clk 0:01:22]} c5 {[%clk 0:01:28]} 43. Ke3 Kd6 44. e7 {[%clk 0:01:14]}
Kxe7 {[%clk 0:01:23]} 45. Bxc5+ {[%clk 0:01:41]} Kf7 {[%clk 0:01:44]} 46. Kd2
{[%clk 0:02:02]} Nc7 {[%clk 0:01:24]} 47. Kxc2 Nd5 {[%clk 0:01:47]} 48. Kd3
{[%clk 0:02:53]} Nf4+ {[%clk 0:01:19]} 49. Ke4 {[%clk 0:03:17]} Ne2
{[%clk 0:01:05]} 50. Bd4 {[%clk 0:02:44]} Nc1 {[%clk 0:00:44]} 51. h4
{[%clk 0:02:31]} Nb3 {[%clk 0:00:44]} 52. Be3 {[%clk 0:02:56]} Na5
{[%clk 0:00:44]} 53. Kd5 {[%clk 0:03:14]} Nb3 {[%clk 0:00:47]} 54. h5
{[%clk 0:03:34]} 1-0

[Event "EUCC 2023 - U14"]
[Site "Kouty nad Desnou"]
[Date "2023.08.16"]
[Round "1.3"]
[White "Haapsal, Maria Ioanna"]
[Black "Csernyik, Mark"]
[Result "1/2-1/2"]
[BlackElo "1976"]
[WhiteElo "1508"]
[LiveChessVersion "1.4.8"]

1. e4 {[%clk 1:30:57]} c5 {[%clk 1:30:54]} 2. Nf3 {[%clk 1:31:21]} d6
{[%clk 1:31:19]} 3. d4 {[%clk 1:31:46]} cxd4 {[%clk 1:31:45]} 4. Nxd4
{[%clk 1:32:14]} Nf6 {[%clk 1:32:06]} 5. f3 {[%clk 1:31:50]} g6 {[%clk 1:32:22]}
6. c4 {[%clk 1:31:35]} Bg7 {[%clk 1:32:23]} 7. Be3 {[%clk 1:29:56]} O-O
{[%clk 1:30:43]} 8. Be2 {[%clk 1:29:45]} Nc6 {[%clk 1:29:07]} 9. Qd2
{[%clk 1:28:32]} Bd7 {[%clk 1:28:09]} 10. O-O {[%clk 1:28:48]} Rc8
{[%clk 1:27:20]} 11. Nc3 {[%clk 1:27:24]} a6 {[%clk 1:26:10]} 12. Rac1
{[%clk 1:26:53]} Nxd4 {[%clk 1:16:54]} 13. Bxd4 {[%clk 1:27:21]} Be6
{[%clk 1:16:28]} 14. b3 {[%clk 1:27:00]} Qa5 {[%clk 1:15:16]} 15. Rfd1
{[%clk 1:26:22]} Nd7 {[%clk 1:10:39]} 16. Be3 {[%clk 1:22:11]} Kh8
{[%clk 1:07:53]} 17. Nd5 {[%clk 1:13:09]} Qxd2 {[%clk 1:06:01]} 18. Bxd2
{[%clk 1:11:54]} Bxd5 {[%clk 1:05:31]} 19. exd5 {[%clk 1:09:54]} Rc7
{[%clk 0:58:31]} 20. Bd3 {[%clk 1:07:14]} Rfc8 {[%clk 0:53:58]} 21. Re1
{[%clk 1:01:18]} Bf6 {[%clk 0:51:55]} 22. f4 {[%clk 0:58:50]} Bb2
{[%clk 0:46:54]} 23. Rb1 {[%clk 0:54:36]} Bd4+ {[%clk 0:45:47]} 24. Kh1
{[%clk 0:54:54]} Nf6 {[%clk 0:45:29]} 25. g3 {[%clk 0:52:47]} b5 {[%clk 0:44:01]}
26. f5 {[%clk 0:48:51]} Ng4 {[%clk 0:35:59]} 27. Kg2 {[%clk 0:42:12]} Ne5
{[%clk 0:35:46]} 28. Re4 {[%clk 0:37:59]} Nxd3 {[%clk 0:34:02]} 29. Rxd4
{[%clk 0:37:59]} Ne5 {[%clk 0:33:57]} 30. fxg6 {[%clk 0:33:21]} hxg6
{[%clk 0:33:31]} 31. Bc3 {[%clk 0:24:33]} Kg7 {[%clk 0:23:18]} 32. Re4
{[%clk 0:22:57]} bxc4 {[%clk 0:22:02]} 33. Bxe5+ {[%clk 0:23:09]} dxe5
{[%clk 0:22:24]} 34. bxc4 {[%clk 0:22:33]} Rxc4 {[%clk 0:21:15]} 35. Rxe5
{[%clk 0:22:05]} Rc2+ {[%clk 0:21:30]} 36. Kf3 {[%clk 0:20:18]} Kf6
{[%clk 0:20:23]} 37. Rbe1 {[%clk 0:20:01]} R8c7 {[%clk 0:20:02]} 38. R5e2
{[%clk 0:16:36]} R2c3+ {[%clk 0:14:25]} 39. Kg4 {[%clk 0:15:20]} Rd3
{[%clk 0:14:05]} 40. Rf1+ {[%clk 0:09:45]} Kg7 {[%clk 0:14:27]} 41. Rfe1
{[%clk 0:09:39]} Kf8 {[%clk 0:08:26]} 42. Re5 {[%clk 0:07:21]} f6
{[%clk 0:08:34]} 43. Re6 {[%clk 0:05:23]} Rc4+ {[%clk 0:08:47]} 44. Kh3
{[%clk 0:05:06]} Rxd5 {[%clk 0:08:54]} 45. Rxe7 {[%clk 0:04:38]} Rh5+
{[%clk 0:08:19]} 46. Kg2 {[%clk 0:05:07]} Rc2+ {[%clk 0:08:41]} 47. R7e2
{[%clk 0:05:00]} Rhc5 {[%clk 0:08:34]} 48. Kf2 {[%clk 0:04:19]} Kf7
{[%clk 0:08:42]} 49. Rxc2 {[%clk 0:03:57]} Rxc2+ {[%clk 0:09:09]} 50. Re2
{[%clk 0:04:26]} Rc5 {[%clk 0:08:52]} 51. Kf3 {[%clk 0:04:00]} f5
{[%clk 0:09:08]} 52. h4 {[%clk 0:02:34]} Kf6 {[%clk 0:09:27]} 53. Re3
{[%clk 0:02:09]} Ra5 {[%clk 0:08:45]} 54. a3 {[%clk 0:02:24]} Rb5
{[%clk 0:08:42]} 55. Rc3 {[%clk 0:01:26]} a5 {[%clk 0:08:59]} 56. Rc6+
{[%clk 0:00:56]} Kg7 {[%clk 0:09:08]} 57. Rc3 {[%clk 0:00:42]} Kf6
{[%clk 0:07:07]} 58. Rc6+ {[%clk 0:01:02]} Ke5 {[%clk 0:04:48]} 59. Rxg6
{[%clk 0:01:21]} Rb3+ {[%clk 0:05:09]} 60. Kg2 {[%clk 0:01:42]} Rxa3
{[%clk 0:05:28]} 1/2-1/2

[Event "EUCC 2023 - U14"]
[Site "Kouty nad Desnou"]
[Date "2023.08.16"]
[Round "1.4"]
[White "Ser, Daniel"]
[Black "Bartova, Hana"]
[Result "1-0"]
[BlackElo "1461"]
[WhiteElo "1850"]
[LiveChessVersion "1.4.8"]

1. d4 {[%clk 1:30:57]} e5 {[%clk 1:30:42]} 2. dxe5 {[%clk 1:31:22]} Nc6
{[%clk 1:31:06]} 3. Nf3 {[%clk 1:31:47]} Qe7 {[%clk 1:31:21]} 4. Bf4
{[%clk 1:31:57]} Qb4+ {[%clk 1:31:12]} 5. Bd2 {[%clk 1:32:21]} Qe7
{[%clk 1:31:06]} 6. Bc3 {[%clk 1:31:14]} f6 {[%clk 1:28:01]} 7. exf6
{[%clk 1:14:54]} Nxf6 {[%clk 1:27:58]} 8. b3 {[%clk 1:12:32]} d5 {[%clk 1:17:25]}
9. e3 {[%clk 1:11:04]} a6 {[%clk 1:08:24]} 10. Nbd2 {[%clk 1:08:10]} Bd7
{[%clk 1:01:44]} 11. Bd3 {[%clk 1:06:15]} O-O-O {[%clk 0:54:46]} 12. O-O
{[%clk 1:01:26]} g5 {[%clk 0:27:00]} 13. Qe2 {[%clk 0:54:14]} h5 {[%clk 0:20:23]}
14. Bxa6 {[%clk 0:45:20]} bxa6 {[%clk 0:15:36]} 15. Qxa6+ {[%clk 0:45:48]} Kb8
{[%clk 0:15:53]} 16. Nd4 {[%clk 0:38:39]} Nb4 {[%clk 0:12:02]} 17. Bxb4
{[%clk 0:37:11]} Qxb4 {[%clk 0:12:15]} 18. Qxf6 {[%clk 0:36:29]} Be7
{[%clk 0:12:20]} 19. a3 {[%clk 0:33:26]} 1-0

[Event "EUCC 2023 - U14"]
[Site "Kouty nad Desnou"]
[Date "2023.08.16"]
[Round "1.5"]
[White "Pritulina, Nadezhda"]
[Black "Novomeska, Karin"]
[Result "0-1"]
[BlackElo "1842"]
[WhiteElo "1372"]
[LiveChessVersion "1.4.8"]

1. e4 {[%clk 1:30:58]} c6 {[%clk 1:30:55]} 2. d4 {[%clk 1:31:23]} d5
{[%clk 1:31:18]} 3. e5 {[%clk 1:31:48]} Bf5 {[%clk 1:31:32]} 4. Nc3
{[%clk 1:32:08]} e6 {[%clk 1:31:13]} 5. g4 {[%clk 1:31:48]} Bg6 {[%clk 1:31:17]}
6. h4 {[%clk 1:32:11]} h5 {[%clk 1:27:57]} 7. g5 {[%clk 1:30:44]} Ne7
{[%clk 1:25:21]} 8. Nge2 {[%clk 1:28:55]} Nd7 {[%clk 1:21:43]} 9. Nf4
{[%clk 1:29:12]} c5 {[%clk 1:10:52]} 10. Be2 {[%clk 1:24:20]} cxd4
{[%clk 1:07:42]} 11. Qxd4 {[%clk 1:21:15]} Nc6 {[%clk 1:04:50]} 12. Qd1
{[%clk 1:20:27]} Ndxe5 {[%clk 1:00:14]} 13. Bxh5 {[%clk 1:17:32]} Bxh5
{[%clk 0:57:20]} 14. Nxh5 {[%clk 1:17:28]} d4 {[%clk 0:56:13]} 15. Ne4
{[%clk 1:14:54]} Qa5+ {[%clk 0:25:24]} 16. Bd2 {[%clk 1:12:12]} Qb6
{[%clk 0:23:17]} 17. Bc1 {[%clk 1:07:35]} O-O-O {[%clk 0:21:52]} 18. Nf4
{[%clk 1:06:18]} Nc4 {[%clk 0:20:29]} 19. b3 {[%clk 1:05:39]} Qa5+
{[%clk 0:18:37]} 20. Nd2 {[%clk 1:04:36]} Qe5+ {[%clk 0:17:05]} 21. Qe2
{[%clk 1:01:12]} Nxd2 {[%clk 0:12:41]} 22. Bxd2 {[%clk 1:01:02]} Qxe2+
{[%clk 0:10:59]} 23. Nxe2 {[%clk 1:00:39]} Ne5 {[%clk 0:10:55]} 24. O-O-O
{[%clk 0:59:52]} Nf3 {[%clk 0:09:40]} 25. Bf4 {[%clk 0:58:57]} e5
{[%clk 0:09:32]} 26. Bg3 {[%clk 0:59:15]} f5 {[%clk 0:08:22]} 27. gxf6
{[%clk 0:58:20]} gxf6 {[%clk 0:08:51]} 28. Ng1 {[%clk 0:58:33]} Bh6+
{[%clk 0:05:45]} 29. Kb2 {[%clk 0:57:58]} Nd2 {[%clk 0:05:32]} 30. Ne2
{[%clk 0:57:54]} Ne4 {[%clk 0:05:26]} 31. Rhf1 {[%clk 0:57:46]} Bg7
{[%clk 0:04:25]} 32. Rd3 {[%clk 0:57:03]} Nc5 {[%clk 0:04:02]} 33. Rd2
{[%clk 0:55:03]} f5 {[%clk 0:04:22]} 34. Rfd1 {[%clk 0:53:04]} f4
{[%clk 0:03:46]} 35. Nxf4 {[%clk 0:53:17]} exf4 {[%clk 0:03:55]} 36. Bxf4
{[%clk 0:53:42]} Ne4 {[%clk 0:04:07]} 37. Rg1 {[%clk 0:52:11]} Nxd2
{[%clk 0:01:34]} 38. Rxg7 {[%clk 0:52:09]} Rd7 {[%clk 0:02:02]} 39. Rxd7
{[%clk 0:51:37]} Kxd7 {[%clk 0:02:29]} 40. Bxd2 {[%clk 0:51:56]} Rxh4
{[%clk 0:02:57]} 41. Bg5 {[%clk 0:51:49]} Rh2 {[%clk 0:03:25]} 42. Bf6
{[%clk 0:51:47]} d3 {[%clk 0:03:34]} 43. Bg5 {[%clk 0:46:50]} Rxf2
{[%clk 0:03:54]} 44. Kc3 {[%clk 0:47:13]} dxc2 {[%clk 0:03:23]} 45. Kb2
{[%clk 0:47:34]} a5 {[%clk 0:03:41]} 46. a4 {[%clk 0:46:02]} Kc6 {[%clk 0:03:09]}
47. Bd8 {[%clk 0:43:14]} b6 {[%clk 0:03:37]} 48. Bg5 {[%clk 0:43:21]} Rg2
{[%clk 0:03:45]} 49. Bd8 {[%clk 0:41:02]} Kc5 {[%clk 0:04:13]} 50. Bc7
{[%clk 0:39:10]} Kd4 {[%clk 0:03:30]} 51. Bf4 {[%clk 0:33:46]} Kd3
{[%clk 0:03:32]} 52. Bh6 {[%clk 0:33:36]} Rg1 {[%clk 0:03:50]} 53. Bc1
{[%clk 0:33:59]} Rxc1 {[%clk 0:04:14]} 54. Kxc1 {[%clk 0:34:12]} Kc3
{[%clk 0:04:41]} 0-1

[Event "EUCC 2023 - U14"]
[Site "Kouty nad Desnou"]
[Date "2023.08.16"]
[Round "1.6"]
[White "Sahidi, Sear"]
[Black "Kluska, Lukas"]
[Result "1-0"]
[BlackElo "1310"]
[WhiteElo "1731"]
[LiveChessVersion "1.4.8"]

1. e4 {[%clk 1:30:57]} c5 {[%clk 1:30:31]} 2. Nf3 {[%clk 1:31:15]} a6
{[%clk 1:30:37]} 3. d4 {[%clk 1:30:50]} cxd4 {[%clk 1:30:20]} 4. Nxd4
{[%clk 1:31:05]} e5 {[%clk 1:29:53]} 5. Nf3 {[%clk 1:28:26]} Nf6 {[%clk 1:28:28]}
6. Bc4 {[%clk 1:24:26]} Nc6 {[%clk 1:22:58]} 7. Ng5 {[%clk 1:19:16]} d5
{[%clk 1:19:30]} 8. Bxd5 {[%clk 1:16:11]} Nxd5 {[%clk 1:19:45]} 9. exd5
{[%clk 1:14:43]} Ne7 {[%clk 1:16:08]} 10. Nc3 {[%clk 1:09:49]} h6
{[%clk 1:14:26]} 11. Nf3 {[%clk 1:05:45]} Ng6 {[%clk 1:13:50]} 12. O-O
{[%clk 1:02:30]} Bb4 {[%clk 1:10:33]} 13. Bd2 {[%clk 0:58:13]} Bg4
{[%clk 1:06:17]} 14. h3 {[%clk 0:54:41]} Bxf3 {[%clk 1:05:38]} 15. Qxf3
{[%clk 0:54:34]} O-O {[%clk 1:03:12]} 16. a3 {[%clk 0:46:55]} Bxc3
{[%clk 0:59:03]} 17. Bxc3 {[%clk 0:47:13]} Re8 {[%clk 0:57:55]} 18. Rad1
{[%clk 0:46:46]} Qd7 {[%clk 0:50:56]} 19. Rfe1 {[%clk 0:46:19]} Rad8
{[%clk 0:50:02]} 20. Ba5 {[%clk 0:37:31]} Rc8 {[%clk 0:49:19]} 21. d6
{[%clk 0:17:48]} Nf8 {[%clk 0:42:37]} 22. Qd5 {[%clk 0:14:10]} Ng6
{[%clk 0:40:30]} 23. Bc7 {[%clk 0:14:21]} Nf4 {[%clk 0:39:05]} 24. Qxb7
{[%clk 0:13:37]} Ne6 {[%clk 0:36:46]} 25. Rxe5 {[%clk 0:12:52]} Nxc7
{[%clk 0:36:49]} 26. Rxe8+ {[%clk 0:12:58]} Qxe8 {[%clk 0:34:46]} 27. d7
{[%clk 0:13:16]} 1-0

[Event "EUCC 2023 - U14"]
[Site "Kouty nad Desnou"]
[Date "2023.08.16"]
[Round "1.7"]
[White "Boyadzhieva, Katerina"]
[Black "Sekova, Olivia"]
[Result "0-1"]
[BlackElo "1714"]
[WhiteElo "1152"]
[LiveChessVersion "1.4.8"]

1. e4 {[%clk 1:30:56]} c5 {[%clk 1:30:54]} 2. Nc3 {[%clk 1:31:08]} e6
{[%clk 1:31:11]} 3. f4 {[%clk 1:30:13]} Nc6 {[%clk 1:30:51]} 4. Nf3
{[%clk 1:29:55]} Nge7 {[%clk 1:27:22]} 5. Bb5 {[%clk 1:27:27]} a6
{[%clk 1:27:30]} 6. Bxc6 {[%clk 1:27:46]} Nxc6 {[%clk 1:27:54]} 7. d3
{[%clk 1:26:32]} d5 {[%clk 1:28:07]} 8. e5 {[%clk 1:24:39]} Be7 {[%clk 1:27:14]}
9. O-O {[%clk 1:22:06]} O-O {[%clk 1:24:00]} 10. d4 {[%clk 1:15:00]} cxd4
{[%clk 1:22:57]} 11. Nxd4 {[%clk 1:14:38]} f6 {[%clk 1:17:16]} 12. Nxc6
{[%clk 1:08:12]} bxc6 {[%clk 1:17:34]} 13. Be3 {[%clk 1:03:09]} Rb8
{[%clk 1:13:30]} 14. Na4 {[%clk 0:55:18]} Qc7 {[%clk 1:10:32]} 15. exf6
{[%clk 0:51:16]} Bxf6 {[%clk 1:10:04]} 16. c3 {[%clk 0:45:00]} Rb5
{[%clk 0:54:19]} 17. Bd4 {[%clk 0:34:52]} c5 {[%clk 0:50:54]} 18. Bxf6
{[%clk 0:33:24]} Rxf6 {[%clk 0:51:19]} 19. f5 {[%clk 0:26:04]} Bb7
{[%clk 0:46:24]} 20. fxe6 {[%clk 0:21:59]} Rh6 {[%clk 0:46:08]} 21. g3
{[%clk 0:19:36]} d4 {[%clk 0:38:07]} 22. cxd4 {[%clk 0:15:58]} cxd4
{[%clk 0:38:24]} 23. Qxd4 {[%clk 0:15:24]} Rxh2 {[%clk 0:38:42]} 24. Rf8+
{[%clk 0:09:11]} Kxf8 {[%clk 0:39:05]} 25. e7+ {[%clk 0:09:33]} Ke8
{[%clk 0:37:54]} 26. Qd8+ {[%clk 0:09:26]} Qxd8 {[%clk 0:38:18]} 27. exd8=Q+
{[%clk 0:09:46]} Kxd8 {[%clk 0:38:45]} 28. Kxh2 {[%clk 0:10:09]} Rh5+
{[%clk 0:39:10]} 29. Kg1 {[%clk 0:09:03]} Rh1+ {[%clk 0:39:34]} 30. Kf2
{[%clk 0:09:30]} Rxa1 0-1

[Event "EUCC 2023 - U14"]
[Site "Kouty nad Desnou"]
[Date "2023.08.16"]
[Round "1.8"]
[White "Valean, David-Andrei"]
[Black "Berkova, Agata"]
[Result "1-0"]
[BlackElo "1101"]
[WhiteElo "1648"]
[LiveChessVersion "1.4.8"]

1. e4 {[%clk 1:30:56]} e5 {[%clk 1:30:57]} 2. Nf3 {[%clk 1:31:19]} Nc6
{[%clk 1:31:09]} 3. Bb5 {[%clk 1:31:41]} a6 4. Ba4 Bc5 {[%clk 1:30:40]} 5. O-O
{[%clk 1:31:29]} d6 {[%clk 1:30:10]} 6. h3 {[%clk 1:31:41]} Bd7 {[%clk 1:22:11]}
7. c3 {[%clk 1:26:07]} Nge7 {[%clk 1:14:12]} 8. d4 {[%clk 1:24:44]} Bb6
{[%clk 1:12:08]} 9. Re1 {[%clk 1:19:55]} O-O {[%clk 1:11:30]} 10. Bg5
{[%clk 1:19:00]} f6 {[%clk 1:10:55]} 11. Be3 {[%clk 1:14:12]} Kh8
{[%clk 1:08:24]} 12. Nbd2 {[%clk 1:00:19]} f5 {[%clk 1:08:09]} 13. d5
{[%clk 0:34:06]} Na7 {[%clk 0:59:52]} 14. Bxd7 {[%clk 0:28:33]} Qxd7
{[%clk 0:59:59]} 15. Bxb6 {[%clk 0:18:31]} cxb6 {[%clk 0:59:59]} 16. Ng5
{[%clk 0:18:14]} fxe4 {[%clk 0:51:15]} 17. Ndxe4 {[%clk 0:17:54]} Kg8
{[%clk 0:35:29]} 18. Ne6 {[%clk 0:16:41]} Rf7 {[%clk 0:24:55]} 19. c4
{[%clk 0:14:46]} Ng6 {[%clk 0:21:39]} 20. g3 {[%clk 0:06:57]} Rc8
{[%clk 0:21:02]} 21. b3 {[%clk 0:07:05]} Nf8 {[%clk 0:19:50]} 22. N4g5
{[%clk 0:06:29]} Rf6 {[%clk 0:18:22]} 23. Qd3 {[%clk 0:05:58]} Rg6
{[%clk 0:17:38]} 24. Qe3 {[%clk 0:05:15]} Nxe6 {[%clk 0:16:46]} 25. Nxe6
{[%clk 0:05:35]} Re8 {[%clk 0:11:52]} 26. Qxb6 {[%clk 0:05:28]} Nc8
{[%clk 0:11:58]} 27. Qe3 {[%clk 0:04:40]} Ne7 {[%clk 0:11:03]} 28. Qe4
{[%clk 0:02:20]} Rf6 {[%clk 0:08:45]} 29. Re3 {[%clk 0:01:44]} Ng6
{[%clk 0:07:56]} 30. h4 {[%clk 0:01:12]} h6 {[%clk 0:07:44]} 31. Rae1
{[%clk 0:00:48]} Nf8 {[%clk 0:07:50]} 32. Nxf8 {[%clk 0:00:40]} Rexf8
{[%clk 0:08:08]} 33. R1e2 {[%clk 0:00:53]} Qf7 {[%clk 0:08:08]} 34. Qg2
{[%clk 0:00:59]} Qg6 {[%clk 0:07:35]} 35. Re4 {[%clk 0:00:45]} Qh5
{[%clk 0:06:31]} 36. Qh3 {[%clk 0:00:38]} g5 {[%clk 0:04:52]} 37. Qg2
{[%clk 0:00:35]} gxh4 {[%clk 0:03:46]} 38. Qh3 {[%clk 0:00:44]} R8f7
{[%clk 0:02:38]} 39. Rd2 {[%clk 0:00:34]} Qf5 {[%clk 0:01:18]} 40. Qxf5
{[%clk 0:00:40]} Rxf5 {[%clk 0:01:39]} 41. Rxh4 {[%clk 0:01:01]} Kh7
{[%clk 0:01:34]} 42. a4 {[%clk 0:00:56]} Rf3 {[%clk 0:01:42]} 43. Rb2
{[%clk 0:00:59]} R7f6 {[%clk 0:01:23]} 44. Re4 {[%clk 0:01:11]} Rc3
{[%clk 0:01:07]} 45. Re1 {[%clk 0:00:34]} Rff3 {[%clk 0:01:10]} 46. Reb1
{[%clk 0:00:56]} Kg6 {[%clk 0:01:21]} 47. Kg2 {[%clk 0:01:06]} Kg5
{[%clk 0:01:43]} 48. a5 {[%clk 0:00:55]} Kg4 {[%clk 0:01:40]} 49. Rh1
{[%clk 0:00:57]} Rxb3 {[%clk 0:00:52]} 50. Rxb3 {[%clk 0:01:20]} Rxb3
{[%clk 0:01:14]} 51. Rxh6 {[%clk 0:01:46]} Ra3 {[%clk 0:01:08]} 52. Rxd6
{[%clk 0:02:06]} Rxa5 {[%clk 0:01:24]} 53. Rb6 {[%clk 0:02:07]} Rc5
{[%clk 0:01:28]} 54. Rxb7 {[%clk 0:01:28]} Rxc4 {[%clk 0:01:52]} 55. d6
{[%clk 0:01:50]} Kf5 {[%clk 0:01:53]} 56. Ra7 {[%clk 0:01:31]} Rd4
{[%clk 0:01:34]} 57. Rxa6 {[%clk 0:01:49]} Ke6 {[%clk 0:01:54]} 58. Kf3
{[%clk 0:01:58]} Rxd6 {[%clk 0:01:07]} 59. Rxd6+ {[%clk 0:02:16]} Kxd6
{[%clk 0:01:27]} 60. Ke4 {[%clk 0:02:40]} Ke6 {[%clk 0:01:47]} 61. g4
{[%clk 0:02:15]} Kf6 {[%clk 0:01:23]} 62. g5+ {[%clk 0:02:18]} Kxg5
{[%clk 0:01:34]} 63. Kxe5 {[%clk 0:02:36]} Kg6 {[%clk 0:01:41]} 64. f4
{[%clk 0:02:49]} Kf7 {[%clk 0:01:42]} 65. Kf5 {[%clk 0:03:13]} 1-0